| 000 | 01747cam a2200409 i 4500 | ||
|---|---|---|---|
| 001 | 14665317 | ||
| 003 | EG-ScBUE | ||
| 005 | 20250624081943.0 | ||
| 006 | m||||fq||h 00| 0 | ||
| 008 | 061211t2007 ncua b 001 0 eng | ||
| 020 | _a9781891121586 (hbk. : alk. paper) | ||
| 020 | _a1891121588 (hbk. : alk. paper) | ||
| 040 |
_aEG-ScBUE _beng _erda _cEG-ScBUE _dEG-ScBUE |
||
| 082 | 0 | 4 |
_a537 _222 _bLON |
| 100 | 1 |
_aLonngren, Karl E. _q(Karl Erik), _d1938- _933871 _eauthor. |
|
| 245 | 1 | 0 |
_aFundamentals of electromagnetics with MATLAB / _cKarl E. Lonngren, Department of Electrical and Computer Engineering, The University of Iowa, Iowa City, Iowa, Sava V. Savov, Department of Electrical Engineering, Technical University of Varna, Varna, Bulgaria, Randy J. Jost, Space Dynamics Laboratory, Department of Electrical and Computer Engineering, Department of Physics, Utah State University, Logan, Utah. |
| 250 | _aSecond edition. | ||
| 264 | 1 |
_aRaleigh, NC : _bSciTech Publishing, Inc., _c[2007] |
|
| 264 | 4 | _cc2007 | |
| 300 |
_axxii, 528 pages : _billustrations ; _c24 cm + _e1 CD |
||
| 336 |
_2rdacontent _atext _btxt |
||
| 336 |
_2rdacontent _asounds _bsnd |
||
| 337 |
_aunmediated _2rdamedia _bn |
||
| 337 |
_aaudio _2rdamedia _bs |
||
| 338 |
_avolume _bnc _2rdacarrier |
||
| 338 |
_acomputer disc _bcd _2rdacarrier |
||
| 500 | _aIncludes Appendices. | ||
| 504 | _aIncludes bibliographical references and index. | ||
| 630 | 0 | 7 |
_aMATLAB. _933872 _2BUEsh |
| 650 | 7 |
_aElectromagnetic theory. _933873 _2BUEsh |
|
| 650 | 7 |
_aElectrical engineering. _933874 _2BUEsh |
|
| 653 | _cSeptember2013 | ||
| 655 | _vReading book | ||
| 700 | 1 |
_aSavov, Sava Vasilev, _933875 _eauthor. |
|
| 700 | 1 |
_aJost, Randy J., _933876 _eauthor. |
|
| 942 |
_2ddc _cBB |
||
| 999 |
_c17587 _d17559 |
||